MARC

LEADER 00000nam0a2200000 4500
001 74221
005 20231031085048.0
010 |a 9854390241 
035 |a (RuTPU)RU\TPU\book\79158 
090 |a 74221 
100 |a 20050301d2004 m y0rusy50 ca 
101 0 |a rus 
102 |a BY 
105 |a a z 001zy 
200 1 |a Почему жизнь выбрала Землю  |f В. Э. Ковдерко 
210 |a Гомель  |c Изд-во Гомельского гос. ун-та  |d 2004 
215 |a 80 с.  |c ил. 
320 |a Литература: с. 77 
320 |a Словарь терминов: с. 78-79 
610 1 |a жизнь 
610 1 |a происхождение 
610 1 |a Солнечная система 
610 1 |a Земля 
610 1 |a планеты 
610 1 |a аккреция 
610 1 |a вещество 
610 1 |a эволюция 
610 1 |a месторождения 
610 1 |a полезные ископаемые 
610 1 |a климат 
610 1 |a случайности 
610 1 |a закономерности 
610 1 |a гипотезы 
675 |a 573.5  |v 3 
675 |a 52:57  |v 3 
700 1 |a Ковдерко  |b В. Э.  |g Владимир Эдуардович 
801 1 |a RU  |b 63413507  |c 20050301  |g PSBO 
801 2 |a RU  |b 63413507  |c 20050303  |g PSBO 
942 |c BK